<?xml version="1.0" encoding="UTF-8"?>
<collection xmlns:xsi="http://www.w3.org/2001/XMLSchema-instance" xsi:schemaLocation="http://www.loc.gov/MARC21/slim http://www.loc.gov/standards/marcxml/schema/MARC21slim.xsd" xmlns="http://www.loc.gov/MARC21/slim">
 <record>
  <leader>00000cam a22000003i 4500</leader>
  <controlfield tag="001">UP-1685594773862117354</controlfield>
  <controlfield tag="003">Buklod</controlfield>
  <controlfield tag="005">20240302092814.0</controlfield>
  <controlfield tag="006">g||| |     ||   ||</controlfield>
  <controlfield tag="007">ta</controlfield>
  <controlfield tag="008">240302s2018    nyua    rb   |||1 u|eng d</controlfield>
  <datafield tag="020" ind1=" " ind2=" ">
   <subfield code="a">9781259921803</subfield>
  </datafield>
  <datafield tag="020" ind1=" " ind2=" ">
   <subfield code="a">1259921808 (MHID)</subfield>
  </datafield>
  <datafield tag="035" ind1=" " ind2=" ">
   <subfield code="a">(iLib)UPBAG-00027108551</subfield>
  </datafield>
  <datafield tag="037" ind1=" " ind2=" ">
   <subfield code="a">GRC-3486</subfield>
   <subfield code="b">Forefront Book Co. Inc.</subfield>
   <subfield code="c">Php2,356.00</subfield>
   <subfield code="n">IM Faculty</subfield>
  </datafield>
  <datafield tag="040" ind1=" " ind2=" ">
   <subfield code="a">DLC</subfield>
   <subfield code="d">BAG</subfield>
   <subfield code="e">rda</subfield>
  </datafield>
  <datafield tag="041" ind1="0" ind2=" ">
   <subfield code="a">eng</subfield>
  </datafield>
  <datafield tag="090" ind1=" " ind2="0">
   <subfield code="a">HA 29</subfield>
   <subfield code="b">M268 2018</subfield>
  </datafield>
  <datafield tag="100" ind1="1" ind2=" ">
   <subfield code="a">Lind, Douglas A.</subfield>
   <subfield code="e">author.</subfield>
  </datafield>
  <datafield tag="245" ind1="1" ind2="0">
   <subfield code="a">Statistical techniques in business &amp; economics</subfield>
   <subfield code="c">Douglas A. Lind, William G. Marchal, Samuel A. Wathen.</subfield>
  </datafield>
  <datafield tag="246" ind1="3" ind2=" ">
   <subfield code="a">Statistical techniques in business and economics.</subfield>
  </datafield>
  <datafield tag="250" ind1=" " ind2=" ">
   <subfield code="a">Seventeenth edition.</subfield>
  </datafield>
  <datafield tag="264" ind1=" " ind2="1">
   <subfield code="a">New York, NY</subfield>
   <subfield code="b">McGraw-Hill Education</subfield>
   <subfield code="c">[2018]</subfield>
  </datafield>
  <datafield tag="300" ind1=" " ind2=" ">
   <subfield code="a">xxvi, 863 pages</subfield>
   <subfield code="b">color illustrations</subfield>
   <subfield code="c">27 cm</subfield>
  </datafield>
  <datafield tag="336" ind1=" " ind2=" ">
   <subfield code="a">text</subfield>
   <subfield code="2">rdacontent</subfield>
  </datafield>
  <datafield tag="337" ind1=" " ind2=" ">
   <subfield code="a">unmediated</subfield>
   <subfield code="2">rdamedia</subfield>
  </datafield>
  <datafield tag="338" ind1=" " ind2=" ">
   <subfield code="a">volume</subfield>
   <subfield code="2">rdacarrier</subfield>
  </datafield>
  <datafield tag="500" ind1=" " ind2=" ">
   <subfield code="a">Previous editions entered under Mason, Robert.</subfield>
  </datafield>
  <datafield tag="504" ind1=" " ind2=" ">
   <subfield code="a">Includes bibliographical references and index.</subfield>
  </datafield>
  <datafield tag="505" ind1="0" ind2="0">
   <subfield code="a">Chapter 1. What Is Statistics?&#13;
Chapter 2. Describing Data: Frequency Tables, Frequency Distributions, and Graphic Presentation&#13;
Chapter 3. Describing Data: Numerical Measures&#13;
Chapter 4. Describing Data: Displaying and Exploring Data&#13;
Chapter 5. A Survey of Probability Concepts&#13;
Chapter 6. Discrete Probability Distributions&#13;
Chapter 7. Continuous Probability Distributions&#13;
Chapter 8. Sampling Methods and the Central Limit Theorem&#13;
Chapter 9. Estimation and Confidence Intervals&#13;
Chapter 10. One-Sample Tests of Hypothesis&#13;
Chapter 11. Two-Sample Tests of Hypothesis&#13;
Chapter 12. Analysis of Variance&#13;
Chapter 13. Correlation and Linear Regression&#13;
Chapter 14. Multiple Regression Analysis&#13;
Chapter 15. Nonparametric Methods: Nominal Level Hypothesis Tests&#13;
Chapter 16. Nonparametric Methods: Analysis of Ordinal Data&#13;
Chapter 17. Index Numbers&#13;
Chapter 18. Time Series and Forecasting&#13;
Chapter 19. Statistical Process Control and Quality Management&#13;
Chapter 20. An Introduction to Decision Theory</subfield>
  </datafield>
  <datafield tag="520" ind1="0" ind2=" ">
   <subfield code="a">Statistical Techniques in Business and Economics provides readers with an introductory survey of descriptive and inferential statistics. The text is interspersed with examples and exercises focusing on business applications as well as on the current world around us. The book supports the development of basic data analytics skills. In keeping with recent trends, an entire section has been dedicated to Data Analytics. A variety of statistical software has been made available to complement the text.&#13;
&#13;
&#13;
Key Features:&#13;
1. Already established as a popular textbook on the subject area, Statistical Techniques in Business and Economics, 17e continues to take the legacy forward with recent updates.&#13;
2. Section on Data Analytics at the end of every chapter&#13;
3. Comprehensive coverage of the entire gamut of topics on business statistics&#13;
4. Wide array of pedagogical features including chapter opening exercises, introduction to the topic, self-reviews, statistics in action boxes, computer output, pronunciation keys, software commands, and data analytics&#13;
5. Text complemented with popular software applications such as Megastat with MS Excel, Minitab, SPSS, and JMP</subfield>
  </datafield>
  <datafield tag="650" ind1=" " ind2="0">
   <subfield code="a">Social sciences</subfield>
   <subfield code="x">Statistical methods.</subfield>
  </datafield>
  <datafield tag="650" ind1=" " ind2="0">
   <subfield code="a">Economics</subfield>
   <subfield code="x">Statistical methods.</subfield>
  </datafield>
  <datafield tag="650" ind1=" " ind2="0">
   <subfield code="a">Commercial statistics.</subfield>
  </datafield>
  <datafield tag="700" ind1="1" ind2=" ">
   <subfield code="a">Marchal, William G.</subfield>
   <subfield code="e">author.</subfield>
  </datafield>
  <datafield tag="700" ind1="1" ind2=" ">
   <subfield code="a">Wathen, Samuel Adam</subfield>
   <subfield code="e">author.</subfield>
  </datafield>
  <datafield tag="905" ind1=" " ind2=" ">
   <subfield code="a">FO</subfield>
  </datafield>
  <datafield tag="852" ind1="0" ind2=" ">
   <subfield code="a">UPBAG</subfield>
   <subfield code="b">GRC</subfield>
   <subfield code="h">HA 29 M268 2018</subfield>
  </datafield>
  <datafield tag="942" ind1=" " ind2=" ">
   <subfield code="a">Book</subfield>
  </datafield>
 </record>
</collection>
